Central Library and Information Centre
Sibsagar Girls' College, Sivasagar : Assam

THE ADVENTURES OF HUCKBBERRY FINN : MARK TWAIN (Record no. 1758)

MARC details
000 -LEADER
fixed length control field 00472cam a2200181ua 4500
008 - FIXED-LENGTH DATA ELEMENTS--GENERAL INFORMATION
fixed length control field 190401n1970 II |||gr||||Z||||||eng
040 ## - CATALOGING SOURCE
Original cataloging agency MAIN
041 ## - LANGUAGE CODE
-- English
100 ## - MAIN ENTRY--PERSONAL NAME
Personal name TWAIN, MARK.
245 ## - TITLE STATEMENT
Title THE ADVENTURES OF HUCKBBERRY FINN : MARK TWAIN
250 ## - EDITION STATEMENT
Edition statement 1ST.
260 ## - PUBLICATION, DISTRIBUTION, ETC.
Place of publication, distribution, etc. NEW YORK
Name of publisher, distributor, etc. HOLT,RINEHART AND WINSTON
Date of publication, distribution, etc. 1970
300 ## - PHYSICAL DESCRIPTION
Extent 293.:
Dimensions 20CM.
700 ## - ADDED ENTRY--PERSONAL NAME
Personal name TWAIN, MARK.,
Relator term AUTHOR.
700 ## - ADDED ENTRY--PERSONAL NAME
Personal name LIONELL TRILLING,
Relator term INTRODUCTOR.
942 ## - ADDED ENTRY ELEMENTS (KOHA)
Koha item type Books
Holdings
Withdrawn status Lost status Source of classification or shelving scheme Damaged status Not for loan Collection code Home library Current library Shelving location Date acquired Barcode Date last seen Price effective from Koha item type
    Dewey Decimal Classification     TBENG Central Library and Information Centre Sibsagar Girls College Central Library and Information Centre Sibsagar Girls College English Fiction 07.04.1968 01980 11.11.2020 11.11.2020 Books


Sibsagar Girl's College © 2020. All rights reserved.
Powered by Koha.
Maintained by Abhijit Borpuzari.